Les jeux vidéo les plus vendus par consoles - Statistiques

Statistiques générales
  • Ce quiz a été pris 361 fois
  • Le résultat moyen est 7 sur 20
Statistiques - réponses
Support Ventes (en millions) Jeu % Correct
PlayStation 3 21,4 Gran Theft Auto V
67%
PlayStation Vita 2,2 Minecraft
62%
PC 23,5 Minecraft
62%
NES 40,2 Super Mario Bros.
58%
Wii 82,8 Wii Sports
52%
GameBoy 31,4 Pokémon Rouge et Bleu
48%
Wii U 8 Mario Kart 8
45%
Nintendo 64 11,9 Super Mario 64
38%
PlayStation 2 20,8 Grand Theft Auto : San Andreas
32%
XBox 8,5 Halo 2
29%
Nintendo DS 30,8 New Super Mario Bros.
26%
GameBoy Advance 15,8 Pokémon Rubis et Saphir
26%
Super Nintendo 20,6 Super Mario World
26%
Nintendo 3DS 15,6 Pokémon X et Y
23%
GameCube 7,1 Super Smash Bros. Melee
20%
PlayStation 10,9 Gran Turismo
17%
XBox One 7,3 Call of Duty : Black Ops III
5%
PlayStation 4 14,1 Call of Duty : Black Ops III
5%
XBox 360 21,8 Kinect Adventures
5%
PlayStation Portable 7,7 Grand Theft Auto : Liberty City Stories
3%
Aucun quiz correspondant
Distribution des résultats
% des personnes avec chaque résultat
Percentile par nombre de réponses
Votre historique - résultats
Vous n’avez pas pris ce quiz